000 00465nam a2200181Ia 4500
001 2536
005 20260306144814.0
008 260306t1997||||xx |||||||||||||| ||spa||
041 _aESP
082 _a616.8914
_bS81
100 _aStierlin, Helm
_eAUT
245 0 _aEl individuo en el sistema:
_bpsicoterapia en una sociedad cambiante
260 _c1997
300 _axxvi, 172 páginas :
_c22 cm.
650 _aGEN
654 _aCPS
942 _cLIB
_dJUS
_fJUS
_2ddc
_n
999 _c2536
_d2536